Name the Arab League - Statistics

General Stats
  • This quiz has been taken 32 times
  • The average score is 19 of 20
Answers on the Map
Answers color-coded by a green-red scale on the quiz's map according to % correct below.
 
Answer Stats
Answer % Correct
Iran
100%
Iraq
100%
Kuwait
100%
Algeria
95%
Egypt
95%
Jordan
95%
Lebanon
95%
Libya
95%
Morocco
95%
Oman
95%
Saudi Arabia
95%
Syria
95%
UAE
95%
Yemen
95%
Bahrain
89%
Mauritania
89%
Qatar
89%
Sudan
89%
Tunisia
89%
Palestine
84%
No matching quizzes found
Score Distribution
Percent of People with Each Score
Percentile by Number Answered
Your Score History
You have not taken this quiz